000 00253nam a2200097Ia 4500
001 775368
005 20250826165828.0
008 250824s9999 xx 000 0 und d
245 0 _aAŞKA YOLCULUK VEYSEL KARANİ
_cSİNAN YAĞMUR
260 _bDESTEK YAYINLARI
999 _c775368
_d775368